000 00617nam a22002057a 4500
003 OSt
005 20151203112210.0
008 130621t xxu||||| |||| 00| 0 eng d
020 _a9781904534853
050 _aQC 21.3
_b.D916 2008
082 _aIB 530
_bD91 2008
100 _aDuncan, Hugh
245 _aIB physics :
_boption B - quantum physics and nuclear physics SL : for examinations in 2009
_cHugh Duncan
250 _a2nd ed.
260 _aAristotle Lane, Oxford, UK :
_bOxford Study Courses Limited,
_cc2008.
300 _a27 pages.,
_bill. ;
_c30 cm.
562 _e1
942 _2lcc
_cBK
999 _c2972
_d2972